00644nam a2200193 a 450000100100000000500170001000800410002702000150006804000250008308200080010810000320011624500360014826000700018430000200025449000220027483000290029695201080032599900170043300004014420201002033938.0130808s1997 mx 000 0 spa d a9682900658 aDO-SdBNPbspacBNPHU axxx1 aGelman, Juan,d1930-96641610aIncompletamente /cJuan Gelman. aMéxico, :bConsejo Nacional para la Cultura y las Artes,c1997. a77 p. ;c21 cm.1 aPráctica mortal 0aPráctica mortal914623 001050718MOaGRbGRcCTd2013-08-08iLF1l0oxxx p40144-10r2020-06-25w2020-06-25y1ZNo se presta c39634d39634